|
|
|
|
| LEADER |
00000nam a2200000 4500 |
| 001 |
96277 |
| 003 |
MY-KLNDU |
| 005 |
20241220004613.0 |
| 008 |
241003 00 eng |
| 039 |
|
9 |
|y 202410031156
|z hakim
|
| 040 |
|
|
|a MY-KLNDU
|b eng
|c MY-KLNDU
|e rda
|
| 100 |
|
|
|a Norazrina Binti Ag Ahmad
|e author
|
| 245 |
|
|
|a A Phenomenologically-Informed Exploration Of Expert English Languange Teachers Journey In Becoming Teachers
|c Norazrina Binti Ag Ahmad
|
| 264 |
|
|
|a Kuala Lumpur
|b Pusat Bahasa, UPNM
|c 2024
|
| 336 |
|
|
|a text
|2 rdacontent
|3 book
|
| 336 |
|
|
|a text
|2 rdacontent
|3 CD
|
| 337 |
|
|
|a unmediated
|2 rdamedia
|3 book
|
| 337 |
|
|
|a computer
|2 rdamedia
|3 CD
|
| 338 |
|
|
|a volume
|2 rdacarrier
|3 book
|
| 338 |
|
|
|a computer disc
|2 rdacarrier
|3 CD
|
| 490 |
|
|
|a Tesis
|
| 490 |
|
|
|a Thesis
|
| 500 |
|
|
|a This Thesis (Doctor of Philosophy) accompanied by 1 CD ROM bearing the same call number and available at circulation counter
|
| 830 |
|
|
|a Tesis
|
| 830 |
|
|
|a Thesis
|
| 999 |
|
|
|a vtls000107550
|c 96277
|d 96277
|